| Tag |
First Indicator |
Second Indicator |
Subfields |
| LEADER |
00000cam a2200000 a 4500 |
| 001 |
in00000095422 |
| 005 |
20150923173525.0 |
| 008 |
810313s1980 nyua 00110 eng d |
| 010 |
|
|
|a 80081467
|
| 020 |
|
|
|a 0517542226 :
|c $17.95
|
| 020 |
|
|
|a 0517542234 (pbk.)
|
| 035 |
|
|
|a (OCoLC)07225086
|
| 035 |
|
|
|9 AAK8063AM
|
| 040 |
|
|
|a WLU
|c WLU
|d OCL
|d TXA
|d UtOrBLW
|
| 043 |
|
|
|a n-us-ca
|
| 049 |
|
|
|a TXAM
|c [1655984]
|
| 090 |
|
|
|a N665
|b H4
|
| 100 |
1 |
|
|a Herrmann, Frank.
|
| 245 |
1 |
0 |
|a Selected paintings at the Norton Simon Museum, Pasadena, California /
|c introduced by Frank Herrmann.
|
| 264 |
|
1 |
|a New York :
|b Harmony Books,
|c [1980]
|
| 264 |
|
4 |
|c ©1980
|
| 300 |
|
|
|a 143 pages :
|b Cheifly illustrations (some color) ;
|c 29 cm.
|
| 336 |
|
|
|a text
|b txt
|2 rdacontent
|
| 337 |
|
|
|a unmediated
|b n
|2 rdamedia
|
| 338 |
|
|
|a volume
|b nc
|2 rdacarrier
|
| 500 |
|
|
|a Spine title: The Norton Simon Museum.
|
| 500 |
|
|
|a Includes index.
|
| 600 |
1 |
0 |
|a Simon, Norton,
|d 1907-1993
|x Art collections.
|
| 610 |
2 |
0 |
|a Norton Simon Museum of Art at Pasadena.
|
| 650 |
|
0 |
|a Painting
|z California
|z Pasadena.
|
| 710 |
2 |
|
|a Norton Simon Museum of Art at Pasadena.
|
| 740 |
4 |
|
|a The Norton Simon Museum.
|
| 999 |
|
|
|a MARS
|
| 999 |
f |
f |
|s 1e1fb12d-6e95-36bc-ad87-e20902218128
|i 7fe4b632-a7e9-3ec5-a8fe-496fa7678548
|t 0
|
| 952 |
f |
f |
|p normal
|a Texas A&M University
|b College Station
|c Sterling C. Evans Library
|d Evans: Library Stacks
|t 0
|e N665 H4
|h Library of Congress classification
|i unmediated -- volume
|m A14806022366
|
| 998 |
f |
f |
|a N665 H4
|t 0
|l Evans: Library Stacks
|